[Event "AUTO-OPEN-2861"]
[Site "http://www.queenalice.com/game.php?id=1129944"]
[Date "2012.12.10"]
[Round "1"]
[White "teobomfim"]
[Black "AAART"]
[Result "0-1"]
[WhiteElo "1480"]
[BlackElo "1870"]

1. e4 c5 2. Nf3 d6 3. Bc4 Nf6 4. Nc3 e6 5. d4 cxd4 6. Nxd4 a6 7. Bg5 Be7 8. O-O
Qc7 9. Bxf6 Bxf6 10. Bb3 O-O 11. f4 Nc6 0-1

[Event "AUTO-OPEN-2861"]
[Site "http://www.queenalice.com/game.php?id=1129945"]
[Date "2012.12.10"]
[Round "1"]
[White "AAART"]
[Black "teobomfim"]
[Result "1-0"]
[WhiteElo "1869"]
[BlackElo "1480"]

1. Nf3 d5 2. d4 Nc6 3. e3 Bg4 4. Be2 Nf6 5. O-O e6 6. a3 Bd6 7. Nbd2 a5 8. c4
dxc4 9. Nxc4 O-O 10. b3 Bxf3 11. Bxf3 1-0

[Event "AUTO-OPEN-2861"]
[Site "http://www.queenalice.com/game.php?id=1129962"]
[Date "2012.12.10"]
[Round "1"]
[White "AAART"]
[Black "brunooliveira"]
[Result "1/2-1/2"]
[WhiteElo "1868"]
[BlackElo "1452"]

1. Nf3 e6 2. c4 Nf6 3. d4 b6 4. e3 Bb7 5. Be2 Be7 6. Nc3 O-O 7. O-O Bb4 8. Qc2
c5 9. Bd2 Nc6 10. a3 Bxc3 11. Bxc3 d5 12. b4 cxd4 13. exd4 dxc4 14. Bxc4 Nd5 15.
Bb2 Rc8 16. Qb3 a6 17. Rac1 b5 18. Bxd5 Qxd5 19. Qxd5 exd5 20. Rfe1 Rfe8 21. h3
h6 22. Kf1 a5 23. Bc3 axb4 24. Rxe8+ Rxe8 25. axb4 Ra8 26. Ne5 Ra4 27. Nxc6 Bxc6
28. Bd2 Ra2 29. Ke2 Bd7 30. Rc5 Be6 31. Rxb5 Ra3 32. Rb8+ Kh7 33. b5 Rb3 34. b6
Kg6 35. Rb7 Kf5 36. Rc7 1/2-1/2

[Event "AUTO-OPEN-2861"]
[Site "http://www.queenalice.com/game.php?id=1129963"]
[Date "2012.12.10"]
[Round "1"]
[White "brunooliveira"]
[Black "AAART"]
[Result "0-1"]
[WhiteElo "1344"]
[BlackElo "1876"]

1. e4 c5 2. Nf3 d6 3. d4 cxd4 4. Nxd4 Nf6 5. Nc3 a6 6. Be2 e6 7. O-O Be7 8. f4
Qc7 9. Bd2 Nc6 10. Be3 O-O 11. Nb3 b5 12. g4 b4 13. g5 bxc3 14. gxf6 Bxf6 15.
bxc3 Bxc3 16. Rb1 Bb7 17. Nd4 Nxd4 18. Bxd4 Bxe4 19. Bxc3 Qxc3 20. Qxd6 Bxc2 21.
Rbc1 Qe3+ 22. Kh1 Be4+ 0-1

[Event "AUTO-OPEN-2870"]
[Site "http://www.queenalice.com/game.php?id=1133294"]
[Date "2012.12.21"]
[Round "1"]
[White "Betim_Xadrez"]
[Black "AAART"]
[Result "0-1"]
[WhiteElo "1785"]
[BlackElo "1840"]

1. e4 c5 2. c3 d6 3. d4 cxd4 4. cxd4 e6 5. Nf3 Nf6 6. Nc3 Be7 7. Bb5+ Bd7 8. Qa4
a6 9. Bxd7+ Nfxd7 10. d5 e5 0-1

[Event "AUTO-OPEN-2870"]
[Site "http://www.queenalice.com/game.php?id=1133295"]
[Date "2012.12.21"]
[Round "1"]
[White "AAART"]
[Black "Betim_Xadrez"]
[Result "1-0"]
[WhiteElo "1854"]
[BlackElo "1771"]

1. Nf3 d5 2. d4 Nf6 3. e3 g6 4. c4 Bg7 5. Be2 Nc6 6. Nc3 O-O 7. O-O Bg4 8. Bd2
Ne4 9. cxd5 Nxc3 10. Bxc3 Qxd5 11. Qc2 1-0

[Event "AUTO-OPEN-2861"]
[Site "http://www.queenalice.com/game.php?id=1194837"]
[Date "2013.6.27"]
[Round "2"]
[White "AAART"]
[Black "MarceloPadre"]
[Result "1-0"]
[WhiteElo "1867"]
[BlackElo "2043"]

1. Nf3 Nf6 2. d4 d5 3. e3 e6 4. c4 dxc4 5. Bxc4 c5 6. O-O cxd4 7. exd4 Be7 8.
Nc3 O-O 9. Bf4 a6 10. a3 b5 11. Be2 Bb7 12. b4 Nc6 13. Qd3 Rc8 14. Rfc1 Re8 15.
Be3 Nd7 16. Ne4 Nb6 17. Nc5 Bxc5 18. bxc5 Nd5 19. Rd1 Qf6 20. Bg5 Qg6 21. Qxg6
hxg6 22. Rac1 f6 23. Be3 Nxe3 24. fxe3 Rcd8 25. Kf2 Ne7 26. Nd2 Bc6 27. Bf3 Nf5
28. Bxc6 Re7 29. Nf3 Rc7 30. Be4 1-0

[Event "AUTO-OPEN-2861"]
[Site "http://www.queenalice.com/game.php?id=1194838"]
[Date "2013.6.27"]
[Round "2"]
[White "MarceloPadre"]
[Black "AAART"]
[Result "1/2-1/2"]
[WhiteElo "2045"]
[BlackElo "1877"]

1. f4 d5 2. Nf3 Nf6 3. e3 c5 4. d4 e6 5. c3 Bd7 6. Bd3 c4 7. Bc2 Nc6 8. O-O Qc7
9. Nbd2 Be7 10. Ne5 Rf8 11. b3 cxb3 12. axb3 a6 13. Ba3 Bxa3 14. Rxa3 g6 15. Qe2
h5 16. Ndf3 Nxe5 17. Nxe5 Qxc3 18. Bd3 Ke7 19. Raa1 Rfc8 20. Rab1 Be8 21. h3 Rc7
22. Rfd1 Qb4 23. g4 hxg4 24. hxg4 Bb5 25. Bxb5 Qxb5 26. Qxb5 axb5 27. Rdc1 Rac8
28. Rxc7+ Rxc7 29. Rb2 Kf8 30. Kf2 Ne4+ 31. Ke2 Ke7 32. g5 Rc3 33. b4 Nd6 34.
Kd2 Ne4+ 35. Ke2 Nd6 36. Nd3 Rc7 37. Ra2 Kd7 38. Nc5+ Ke7 39. Ra7 Kd8 40. Ra8+
Rc8 41. Ra7 Rc7 42. Kd2 Ke7 43. Kd3 Kd8 44. Ra8+ Rc8 45. Rxc8+ Kxc8 46. Nb3 b6
47. Nd2 Kd7 48. Nf3 Ke7 49. Ne5 Ke8 50. Ng4 Ke7 51. Ne5 Kd8 52. Ke2 Kc7 53. Kd3
Kd8 54. Ng4 Ke7 55. Nf2 Kd7 56. e4 1/2-1/2

[Event "AUTO-OPEN-3038"]
[Site "http://www.queenalice.com/game.php?id=1201601"]
[Date "2013.7.21"]
[Round "1"]
[White "astrologo"]
[Black "AAART"]
[Result "1-0"]
[WhiteElo "2239"]
[BlackElo "1882"]

1. e4 c5 2. Nf3 d6 3. d4 cxd4 4. Nxd4 Nf6 5. Nc3 a6 6. Bg5 e6 7. f4 Be7 8. Qf3
Bd7 9. O-O-O Qc7 10. Bd3 Nc6 11. Nb3 O-O-O 12. Rhe1 h6 13. Bh4 Nh7 14. Bg3 Bf6
15. f5 Bxc3 16. bxc3 e5 17. h4 f6 18. Bf2 Be8 19. g4 g5 20. h5 Bf7 21. Qe2 Nf8
22. Rd2 Nd7 23. Red1 Ndb8 24. Bc4 Rhf8 25. Bd5 Ne7 26. Bxf7 Rxf7 27. Kb2 Nd7 28.
Rxd6 Rff8 29. Re6 Nb8 30. Bb6 1-0

[Event "AUTO-OPEN-3038"]
[Site "http://www.queenalice.com/game.php?id=1201602"]
[Date "2013.7.21"]
[Round "1"]
[White "AAART"]
[Black "astrologo"]
[Result "0-1"]
[WhiteElo "1884"]
[BlackElo "2238"]

1. Nf3 d5 2. d4 Nf6 3. e3 e6 4. c4 c5 5. Nc3 cxd4 6. exd4 Nc6 7. Be2 Bb4 8. a3
Bxc3+ 9. bxc3 O-O 10. Bg5 h6 11. Bxf6 Qxf6 12. O-O dxc4 13. Bxc4 Bd7 14. Qd2 Na5
15. Ba2 Rac8 16. Qb2 b6 17. Ne5 Bc6 18. Bb1 Rc7 19. Nxc6 Rxc6 20. Bd3 Rfc8 21.
Rac1 Nc4 22. Bxc4 Rxc4 23. Rfe1 Qf5 24. Re2 Qa5 25. Rec2 Ra4 26. Ra1 b5 27. Ra2
Rac4 28. Ra1 Rxc3 0-1

[Event "AUTO-OPEN-3038"]
[Site "http://www.queenalice.com/game.php?id=1201627"]
[Date "2013.7.21"]
[Round "1"]
[White "Pagano"]
[Black "AAART"]
[Result "1-0"]
[WhiteElo "2101"]
[BlackElo "1884"]

1. e4 c5 2. Nf3 d6 3. c3 Nf6 4. Be2 Nc6 5. d3 e6 6. O-O Be7 7. Nbd2 O-O 8. d4
cxd4 9. cxd4 a6 10. Qc2 Bd7 11. a3 b5 12. b4 Rc8 13. Qb3 Qb6 14. d5 Nd4 15. Nxd4
Qxd4 16. Rb1 Nxe4 17. Nxe4 Qxe4 18. dxe6 Bxe6 19. Bd3 Qc6 20. Qb2 Bf6 21. Qe2
Rfe8 22. Be3 d5 23. Rbc1 Qb7 24. a4 Bd7 25. Qh5 g6 26. Qf3 Be7 27. axb5 axb5 28.
Rfd1 Bxb4 29. Bd4 Be7 30. Rb1 Bg5 31. g3 h5 32. h4 Bg4 33. Qg2 Bxd1 34. Rxd1 Bh6
35. g4 Bg7 36. Bxg7 Kxg7 37. gxh5 Kh8 38. hxg6 fxg6 39. Bxg6 1-0

[Event "AUTO-OPEN-3038"]
[Site "http://www.queenalice.com/game.php?id=1201628"]
[Date "2013.7.21"]
[Round "1"]
[White "AAART"]
[Black "Pagano"]
[Result "0-1"]
[WhiteElo "1890"]
[BlackElo "2144"]

1. Nf3 Nf6 2. c4 g6 3. d4 c5 4. d5 Bg7 5. Nc3 d6 6. e4 Bg4 7. Be2 Nbd7 8. Qc2
O-O 9. Bf4 a6 10. a4 Rb8 11. O-O Nb6 12. Qd3 Nbd7 13. Rab1 Bxf3 14. Bxf3 b6 15.
b3 Re8 16. Rfe1 Kh8 17. Qd2 Rg8 18. Qd3 Qc7 19. Rbc1 Nh5 20. Bxh5 gxh5 21. h4
Ne5 22. Bxe5 Bxe5 23. g3 Qd7 24. Kh2 Qg4 25. Rg1 Qxh4+ 26. Kg2 Qf6 27. Qf3 Bxc3
28. Qxc3 Qxc3 29. Rxc3 h4 30. Kh3 hxg3 31. Rcxg3 Rxg3+ 32. Rxg3 b5 33. axb5 axb5
0-1

[Event "AUTO-OPEN-3038"]
[Site "http://www.queenalice.com/game.php?id=1201643"]
[Date "2013.7.21"]
[Round "1"]
[White "cucalegal"]
[Black "AAART"]
[Result "0-1"]
[WhiteElo "1612"]
[BlackElo "1911"]

1. e4 c5 2. c4 d6 3. h3 Nf6 4. f3 Nc6 5. Ne2 e5 6. Qa4 Bd7 7. Qc2 a5 8. a3 Be7
9. g4 h6 10. d3 Qc7 11. Ng3 Nd4 12. Qd1 b5 13. Nd2 Qb7 14. b3 b4 15. a4 O-O-O
16. Bg2 g6 17. O-O Rdf8 18. Bb2 Ne6 19. h4 Nh7 20. h5 Nf4 21. Qc2 gxh5 22. gxh5
Rhg8 23. Kh2 Bh4 24. Nf5 Rxg2+ 25. Kh1 Bxf5 26. exf5 Qd7 27. Rg1 Rfg8 28. d4
Rxg1+ 29. Rxg1 Rxg1+ 30. Kxg1 Ne2+ 31. Kh2 Nxd4 32. Qe4 Qd8 33. Qa8+ Kd7 34. Qd5
Ke8 35. Bxd4 exd4 36. Ne4 Be7 37. f4 Nf6 38. Nxf6+ Bxf6 39. Qg2 Kf8 40. Qe2 Kg7
41. Kh3 Qa8 42. Qg4+ Kh7 43. Qe2 Qh1+ 44. Kg3 Qb1 45. Qf3 d3 46. Qd5 Kg7 47.
Qxd6 Qxb3 48. Kf3 Qd1+ 49. Kg2 Qe2+ 50. Kg1 d2 0-1

[Event "AUTO-OPEN-3038"]
[Site "http://www.queenalice.com/game.php?id=1201644"]
[Date "2013.7.21"]
[Round "1"]
[White "AAART"]
[Black "cucalegal"]
[Result "1-0"]
[WhiteElo "1880"]
[BlackElo "1668"]

1. Nf3 f6 2. d4 g5 3. e4 d6 4. c4 h5 5. h3 a6 6. Nc3 Bg7 7. Be3 Bd7 8. Qb3 b6 9.
Be2 e6 10. O-O-O a5 11. Nh2 Ne7 12. f4 Bh6 13. fxg5 Bxg5 14. Bxg5 fxg5 15. g4 a4
16. Qa3 h4 17. Rdf1 Ng6 18. Bd1 Nc6 19. Ne2 Rf8 20. Rxf8+ Nxf8 21. Nf3 Nh7 22.
Nc3 Nb8 23. Bxa4 Bxa4 24. Nxa4 c5 25. d5 e5 26. Qb3 Nd7 27. a3 Qb8 28. Nc3 Nhf6
29. Nxg5 Ke7 30. Rf1 Qg8 31. Ne6 Nf8 32. Nxf8 Qxf8 33. g5 Rb8 34. gxf6+ Kf7 35.
Nb5 Rd8 36. Qf3 Qh6+ 37. Kc2 Qg6 38. Kd3 Kf8 39. Qf2 Rd7 40. Rg1 Qh7 41. Rg7
Rxg7 42. fxg7+ Kxg7 43. Nxd6 Kg8 44. Qf6 Qd7 45. Nf5 Qg7 46. Qxg7# 1-0

[Event "AUTO-OPEN-2861"]
[Site "http://www.queenalice.com/game.php?id=1240082"]
[Date "2013.12.14"]
[Round "3"]
[White "Antero"]
[Black "AAART"]
[Result "0-1"]
[WhiteElo "1786"]
[BlackElo "1888"]

1. e4 c5 2. Nf3 d6 3. c3 Nf6 4. d3 e6 5. Bg5 Be7 6. Nbd2 Nc6 7. Bxf6 Bxf6 8. Be2
a6 9. O-O O-O 10. Re1 b5 11. Bf1 Bb7 12. b4 cxb4 13. Qc2 bxc3 14. Nb3 Qb6 15. a3
a5 0-1

[Event "AUTO-OPEN-2861"]
[Site "http://www.queenalice.com/game.php?id=1240083"]
[Date "2013.12.14"]
[Round "3"]
[White "AAART"]
[Black "Antero"]
[Result "1-0"]
[WhiteElo "1900"]
[BlackElo "1774"]

1. Nf3 Nc6 2. d4 d5 3. e3 Bd7 4. c4 e6 5. Nc3 Bb4 6. Qc2 Nf6 7. a3 Bxc3+ 8. Qxc3
O-O 9. Bd3 Re8 10. b4 Ne4 11. Qc2 Nf6 12. Bb2 a6 13. O-O a5 14. b5 Na7 15. c5 b6
16. c6 1-0